| 000 | 00523 a2200169 4500 | ||
|---|---|---|---|
| 020 | _a9781138963603 | ||
| 082 |
_a026.301 025 _bLEE/A |
||
| 245 |
_aAnthropological resources: _ba guide to archival, library and museum collections/ _cby Lee S Dutton (ed.) |
||
| 260 |
_bGarland publishing, _aOxon: _c2016. |
||
| 300 | _a517p. | ||
| 650 | _aLibrary Resources Archives | ||
| 650 | _aAnthropological Archives | ||
| 650 | _aAnthropological Museums | ||
| 650 | _aLibrary Sciences | ||
| 700 | _aLee S Dutton (ed.) | ||
| 942 | _cBK | ||
| 999 |
_c67471 _d67471 |
||